000 00511nam a22001577a 4500
999 _c130098
_d130098
008 191203b ||||| |||| 00| 0 eng d
050 _aLA1986.M939
245 _aMozambique
_bnational human development report 2000
_cSARDC
260 _aMaputo
_bUNDP
_c2000
300 _ax, 101p. ;
_c30cm.
651 _aMozambique
_xEducation
_948857
651 _aMozambique
_xDevelopment
_xSocial conditions
_948858
700 _aFauvet, Paul (tr.)
_948859
700 _aValia, Bayano R. (tr.)
_948860
942 _2lcc
_cMONOGRAPH